00754nam a2200193 i 450000100060000000300090000600500170001500700030003200800410003510000290007624500820010526000390018730000220022649000660024883000710031485200320038599900170041795201260043461640ES-MaACL20250901062529.0t|031113s1960 an ||||1| spa d1 aFabregues, J. de.94856913aEl matrimonio cristiano / cJ. de Fabregues ; [versión española de T.L.]. aAndorra : bCasal i Vall, c[1960] a138 p. ; c18 cm.1 aYo sé, yo creo : enciclopedia del católico en el siglo XX00aYo sé, yo creo: enciclopedia del católico del siglo XX9186579 aES-MaACLjC-18300 bR.46278 c61640d61640 00104070aATENEOMbATENEOMcGaleríad2008-01-17eSCl0oC-18300p1064632r2023-02-23 00:00:00w2023-02-23yMONOGRAFIA